000 00570nam a2200193Ia 4500
005 20250326142215.0
008 250326s9999 xx 000 0 und d
020 _a0-87094-973-X
037 _aTextbook
040 _aFMSL
_beng
_cFMSL
041 _aeng
_2eng
084 _aX:87 M7
_qFMSL
100 _aEwing R P
_9745733
245 0 _aManaging the new bottom line issues management for senior executives
_cEwing R P
260 _aHomewood
_bHomewood, DOW Jones - IRWIN
_c1987
300 _axiii,191
942 _cTB
_hX:87 M7
999 _c1293935
_d1293935